00827nam a2200241Ia 4500003000900000008004100009040001300050040001300063041000800076100003000084100000900114245009700123250001000220260001500230260000900245300001100254300001200265490000600277600007800283942000700361999001700368952020000385IT-RoPAU120407s9999 xx 000 0 und d aIT-RoPAU cIT-RoPAU afra aH. Pinard de La Boullaye  cs.j. aLa spiritualité ignatienne. Textes, choisis et présentés par H. Pinard De La Boullaye. aParis aLibr. Plon c1949 a459 p. c20,5 cm v1 a"1. Ignazio di Lojola, s. - Spiritualità. 2. Spiritualità ignaziana." cBK c34849d34849 00102ddc406248_400000000000000_4471aPAULUSbPAULUSd2012-04-11l0o248.4.44r2012-04-11 00:00:00w2012-04-11yBKzInserito da: Jole In data: 30 luglio 2011 fondo: Via A.Severo 56 Progr:21915